Riadenie výrobných systémov v strojárskom podniku

Uložené v:
Podrobná bibliografia
Hlavný autor: Marko, Jozef
Ďalší autori: Kubiš, Juraj
Médium: Kniha
Jazyk:Slovak
Vydavateľské údaje: Bratislava Alfa 1988
Vydanie:1. vyd.
Edícia:Edícia ekonomickej literatúry
Tagy: Pridať tag
Žiadne tagy, Buďte prvý, kto otaguje tento záznam!

MARC

LEADER 00000nam a2200000 4500
001 c030539
005 20250610093636.6
041 0 |a slo 
044 |a SK 
245 1 0 |a Riadenie výrobných systémov v strojárskom podniku  |c Jozef Marko, Juraj Kubiš 
250 |a 1. vyd. 
264 1 |a Bratislava  |b Alfa  |c 1988 
300 |a 297 s.  |e 1 príl. 
490 1 |a Edícia ekonomickej literatúry 
830 0 |a Edícia ekonomickej literatúry 
100 1 |a Marko, Jozef 
700 1 |a Kubiš, Juraj